Statistiques concernant Chronologie - Histoire du christianisme antique

Cliquez ici pour prendre le quiz!

Statistiques générales

  • Ce quiz a été pris 3 fois
  • Le résultat moyen est 30 sur 52

Statistiques - réponses

HintRéponse% Correct
Avènement de Tibère14
100%
Année la plus probable de la mort de Jésus30
100%
Paul se convertit au christianisme35
100%
Division de l'Empire romain entre Orient et Occident395
100%
Hérode Roi de Judée (+ martyre de Jacques)41
100%
Épîtres de Paul aux Thessaloniciens50
100%
Concile de Jérusalem50
100%
Déposition de Hérode Archélaos - Judée province équestre6
100%
Incendie de Rome64
100%
Composition des Évangiles synoptiques100
67%
Martyre d'Ignace d'Antioche107
67%
Martyre de Perpétue, Félicité et leurs compagnons en Afrique203
67%
Ponce Pilate gouverneur de Judée26-36
67%
Constantin proclamé César (Tétrarchie)306
67%
Bataille du Pont Milvius312
67%
Édit de Milan313
67%
Concile de Nicée325
67%
Mort de Constantin337
67%
Règne de Julien361-363
67%
Bataille d'Andrinople378
67%
Avènement de Théodose Ier379
67%
Hérode le Grand contrôle Jérusalem37 avJC
67%
Édit de Thessalonique380
67%
Interdiction du paganisme dans tout l'Empire392
67%
Mort de Hérode le Grand4 avJC
67%
Année des quatre Empereurs69
67%
Chute de Jérusalem et destruction du temple70
67%
Rédaction du livre de l'Apocalypse95
67%
Mort de Jean Hyrcan Ier104 avJC
33%
Révolte de Kitos115-117
33%
Révolte de Bar-Kokhba132-135
33%
Martyre de Polycarpe de Smyrne155
33%
Exécution publique des chrétiens à Lyon177
33%
Premier édit impérial anti-chrétien202
33%
Reconstruction du Temple de Jérusalem20 avJC
33%
Début de la persécution de Trajan Dèce250
33%
Période de crise politique, militaire et économique dans l'Empire250-270
33%
Persécution de Valérien253
33%
Capture et exécution de Valérien par les Perses260
33%
Conquête de la Syrie par Séleucos281 avJC
33%
Avènement de Tioclétien (et Tétrarchie)284
33%
Crucifixion de Jésus29-33
33%
"Grande Persécution"303-311
33%
Obligation de sacrifice pour tous les chrétiens dans l'Empire304
33%
Période apostolique30-60
33%
Édit de tolérance de Galère (+ fin de la Tétrarchie)311
33%
Fondation de Constantinople330
33%
Interdiction d'enseignement aux chrétiens362
33%
Concile de Constantinople381
33%
La Judée devient une province romaine (Pompée)63 avJC
33%
Première guerre de Judée66-73
33%
Naissance de Jésus7-4 avJC
33%

Distribution des résultats

Percentile par nombre de réponses

% des personnes avec chaque résultat

Votre développement - résultats

Vous n’avez pas pris ce quiz